书目信息 |
| 题名: |
高分辨率遥感影像几何定位理论与方法
|
|
| 作者: | 刘建辉 , 江刚武 , 王鑫 编著 | |
| 分册: | ||
| 出版信息: | 武汉 华中科技大学出版社 2021.09 |
|
| 页数: | 207页 | |
| 开本: | 24cm | |
| 丛书名: | ||
| 单 册: | ||
| 中图分类: | TP75 | |
| 科图分类: | ||
| 主题词: | 高分辨率--gao fen bian lv--遥感图象--定位--研究 | |
| 电子资源: | ||
| ISBN: | 978-7-5680-7403-2 | |
| 000 | 01127nam0 2200265 450 | |
| 001 | 011025153834 | |
| 005 | 20221025153834.0 | |
| 010 | @a978-7-5680-7403-2@dCNY78.00 | |
| 099 | @aCAL 012021129170 | |
| 100 | @a20201004d2021 em y0chiy0120 ea | |
| 101 | 0 | @achi |
| 102 | @aCN@b420000 | |
| 105 | @aak a 000yy | |
| 106 | @ar | |
| 200 | 1 | @a高分辨率遥感影像几何定位理论与方法@Agao fen bian lv yao gan ying xiang ji he ding wei li lun yu fang fa@f刘建辉, 江刚武, 王鑫编著 |
| 210 | @a武汉@c华中科技大学出版社@d2021.09 | |
| 215 | @a207页@c图 (部分彩图)@d24cm | |
| 320 | @a有书目 (第195-207页) | |
| 330 | @a本书主要介绍高分辨率遥感影像几何定位中涉及的理论方法及关键技术,内容包括高分辨率遥感影像的成像几何模型、卫星影像的姿态系统误差检校、摄影测量参数在轨几何定标、高分辨率遥感影像的光束法平差、多源辅助数据支持的遥感影像几何定位、基于总体最小二乘理论的遥感影像几何定位技术等。 | |
| 606 | 0 | @a高分辨率@Agao fen bian lv@x遥感图象@x定位@x研究 |
| 690 | @aTP75@v5 | |
| 701 | 0 | @a刘建辉@Aliu jian hui@4编著 |
| 701 | 0 | @a江刚武@Ajiang gang wu@4编著 |
| 701 | 0 | @a王鑫@Awang xin@4编著 |
| 905 | @a河南城建学院图书馆@dTP75@eL632 | |
| 高分辨率遥感影像几何定位理论与方法/刘建辉, 江刚武, 王鑫编著.-武汉:华中科技大学出版社,2021.09 |
| 207页:图 (部分彩图);24cm |
| ISBN 978-7-5680-7403-2:CNY78.00 |
| 本书主要介绍高分辨率遥感影像几何定位中涉及的理论方法及关键技术,内容包括高分辨率遥感影像的成像几何模型、卫星影像的姿态系统误差检校、摄影测量参数在轨几何定标、高分辨率遥感影像的光束法平差、多源辅助数据支持的遥感影像几何定位、基于总体最小二乘理论的遥感影像几何定位技术等。 |
| ● |
| 相关链接 |
|
|
|
正题名:高分辨率遥感影像几何定位理论与方法
索取号:TP75/L632
 
预约/预借
| 序号 | 登录号 | 条形码 | 馆藏地/架位号 | 状态 | 备注 |
| 1 | 1589755 | 215897554 | 自科库301/301自科库 43排3列1层/ [索取号:TP75/L632] | 在馆 | |
| 2 | 1589756 | 215897563 | 自科库301/301自科库 43排3列1层/ [索取号:TP75/L632] | 在馆 |